000 01084naa a22002777a 4500
001 BR8903990
003 BR-BrBNA
005 20240918180520.0
007 ta
008 230509b bl.||||| |||| 00| 0 por d
040 _aBR-BrBNA
_bpor
_cBiblioteca Nacional de Agricultura
041 _a(Pt)
072 _aE50; E10
_b/G514
090 _aE50 BR8903990
100 1 _aHoffmann, R.
111 1 _a2. Seminario sobre Problemas e Perspectivas da Agricultura Brasileira
_cPiracicaba, SP (Brazil)
_d2-4 Dec 1986
245 1 _aDistribuicao da renda e pobreza na agropecuaria brasileira
260 3 _aPiracicaba, SP (Brasil):
_c1986.
500 _a2. Seminario sobre Problemas e Perspectivas da Agricultura Brasileira Piracicaba, SP (Brasil): 1986. p. 189-216 (BR8903990-AM)E50
650 _aDISTRIBUICAO DE RENDA
650 _aRENDA PER CAPITA
650 _aPOBREZA RURAL
773 0 _t2. Seminario sobre Problemas e Perspectivas da Agricultura Brasileira
_wE50 BR8903990
_gPiracicaba, SP (Brasil), 1986. p. 189-216
909 _a202404
_bLucia
_c55
_dLucia Elande
942 _cAM
_2AGRIS
999 _c320807
_d320807